[Event "S Wales Late Summer Open"]
[Site "?"]
[Date "2022.09.04"]
[Round "4.12"]
[White "Robinson, David"]
[Black "Smith, Ellison"]
[Result "1-0"]
[WhiteElo "1839"]
[BlackElo "1365"]
[Annotator "kemen"]
[PlyCount "133"]
[EventDate "2022.??.??"]
[SourceVersionDate "2022.09.07"]

{[%evp 0,13,38,27,18,21,27,20,7,7,7,-5,-7,-12,35,16]} 1. d4 d5 2. Nf3 Nf6 3.
Bf4 Bf5 4. e3 e6 5. Be2 (5. Bd3 {main}) 5... Bd6 6. Ne5 Nbd7 7. O-O (7. g4 Bg6
8. h4 {9 Wh wins,2 draws}) 7... Bxe5 $146 (7... O-O {1-2-2}) (7... g5 $11 {
Cloud Engines, not yet played}) 8. dxe5 $16 Ne4 9. f3 Nec5 10. c4 $18 c6 11.
Nc3 (11. b4 Na6 12. a3 O-O 13. Nd2 $18 {KomodoDragon3}) 11... O-O (11... Qb6
$16) 12. b4 Na6 13. cxd5 (13. a3 $16) 13... Nxb4 (13... exd5 14. Bxa6 bxa6 15.
Ne2 $16 {KomodoDragon3}) 14. e4 $18 Bg6 15. d6 (15. dxe6 fxe6 16. Be3 Qe7 (
16... Nxe5 17. f4 Nd7 18. f5 Bf7 19. fxe6 Bxe6 20. Qd6 $18) 17. a3 Na6 18. Bxa6
bxa6 19. Qd6 $18 {KomodoDragon3}) 15... Qa5 16. a3 (16. Qb3) 16... Qc5+ 17. Kh1
Qxc3 18. axb4 Qxb4 19. Rb1 Qc5 20. Rxb7 Nxe5 21. Qa1 f6 22. Rd1 $18 (22. d7
Rad8 23. Rc1 Qd6 24. Bxe5 fxe5 25. Rd1 Qc5 26. Qa6 $18 (26. Rxa7 $18 {
KomodoDragon3})) 22... Rfd8 23. d7 a5 24. Qa2 (24. Qa4 $18) 24... Kf7 (24... a4
$16) 25. Bc1 Ra7 26. Ba3 Qf2 27. Rxa7 Qxa7 28. f4 (28. Rd6) 28... Bxe4 29. fxe5
Rxd7 30. Rxd7+ (30. Qb3) 30... Qxd7 31. Bd6 fxe5 32. Bxe5 Qd5 33. Qxd5 exd5 34.
Bd4 g6 35. Bd1 Ke6 36. Bb6 Ke5 (36... Kd6 $5) 37. Kg1 d4 38. Kf2 d3 39. g3 Bd5
40. Ke3 Bc4 41. Bxa5 c5 42. Bc3+ Kf5 43. Bf3 h5 44. h3 Kg5 45. h4+ Kf5 46. Bg7
Bb5 47. Bh6 c4 48. Kd4 Ba6 49. Bf4 Bb5 50. Be4+ Kg4 51. Kc3 Be8 52. Kxc4 d2 53.
Bxd2 (53. Bc2 Bc6 54. Bd1+ Kh3 55. Kd3 Bg2 56. Kxd2) 53... Kxg3 54. Bg5 Kg4 55.
Kd4 Kg3 56. Ke5 Kg4 57. Kf6 Bb5 58. Kxg6 Be8+ 59. Kh6 Bf7 60. Bg6 Bg8 61. Bxh5+
Kf5 62. Kg7 Bd5 63. Bf6 Kf4 64. Bd1 Be4 65. h5 Kf5 66. h6 Kf4 67. Bh5 1-0

[Event "S Wales Late Summer Open"]
[Site "?"]
[Date "2022.09.04"]
[Round "4.13"]
[White "Zografos, Lef"]
[Black "Smith, Callum"]
[Result "1-0"]
[WhiteElo "1749"]
[BlackElo "1322"]
[Annotator "kemen"]
[PlyCount "187"]
[EventDate "2022.??.??"]
[SourceVersionDate "2022.09.07"]

1. e4 c5 2. c3 g6 3. d4 cxd4 4. cxd4 Bg7 5. Nf3 d6 6. Bc4 Nf6 7. O-O $2 (7. Nc3
{737 games}) 7... O-O (7... Nxe4 $17 {Cloud Engines} 8. Qa4+ Bd7 9. Qb3 O-O 10.
Qxb7 Bc6 (10... Nc6 11. Qb3 Rc8 $19) 11. Qb3 d5 (11... Nd7 $17) 12. Bb5 (12.
Bd3 $11) 12... Qb6 13. Bxc6 Qxb3 14. axb3 Nxc6 15. Nc3 e6 $17 {
Stanley-Kunhambu, Sharjah Ramadan open rapid 2019,1/2-1/2}) 8. Nc3 Nxe4 (8...
Nc6 {320 games}) 9. Bxf7+ Rxf7 10. Nxe4 h6 11. Be3 (11. h3 {1 (Caruana-Bu, Cap
d'Agde rapid 2008)-2-3}) 11... Bf5 (11... Bg4 {Cloud Engines} 12. Qd2 (12. Ned2
Nc6 $15) 12... Bxf3 13. gxf3 Nc6 14. f4 d5 15. Ng3 Qd7 $17 {Tegzes-Honos, HUN
ch tm 1993,0-1}) 12. Ng3 e6 13. Qd2 (13. d5 e5 14. Qd2 $16) 13... Kh7 14. Rac1
Nd7 15. d5 e5 16. Rc4 $18 e4 (16... Nc5 17. Rh4 Bd3 18. Rh3 Bxf1 19. Ng5+ Kg8
20. Nxf7 Kxf7 21. Nxf1 $18 {KomodoDragon3}) 17. Nxe4 b5 18. Neg5+ (18. Rb4 a5
19. Nxd6 axb4 20. Nxf7 Qf8 21. Nxh6 Bxh6 22. d6 $16 {KomodoDragon3}) (18. Nxd6
bxc4 19. Nxf7 Qf8 20. Nxh6 Bxh6 21. Bxh6 Qxh6 22. Ng5+ Kg8 23. d6 $16 {
KomodoDragon3}) 18... hxg5 19. Nxg5+ (19. Rc6 g4 20. Ng5+ Kg8 21. Nxf7 Kxf7 22.
Bg5 Qb8 $19 {KomodoDragon3, best try}) 19... Kg8 (19... Qxg5 $1 20. Bxg5 bxc4
$19 {KomodoDragon3, Bl has R & 2 pieces for a Q (cf Saunders-Van Kemenade, WLS
Seniors 2022,0-1 (same round)}) 20. Nxf7 Kxf7 21. Rcc1 $11 Ne5 22. b3 a6 23. f3
Rc8 24. Rxc8 Bxc8 (24... Qxc8 $14) 25. h3 Bb7 26. f4 $18 Nd7 27. f5 Nf6 28.
fxg6+ Kxg6 29. Qd3+ Kf7 30. Bg5 Qh8 31. Qf3 (31. g4 $1 Kg8 32. Bxf6 Bxf6 33.
Qg6+ Kf8 (33... Bg7 34. Qf7+ Kh7 35. Rf5 Bc8 36. Rh5#) 34. Rxf6+ $18 {
KomodoDRagon3}) 31... Bc8 32. Qf4 Kg6 33. Bxf6 (33. h4 $1 Qf8 34. Bxf6 Bxf6 35.
h5+ Kg7 36. h6+ Kg6 37. h7 Kxh7 38. Qxf6 $18 {KomodoDragon3}) 33... Bxf6 34.
Qxd6 (34. Qg3+ Kf7 35. Qxd6) 34... Qh4 35. Rf4 (35. Kh1 Qg5 36. Qf8 Bd7 37.
Qg8+ Kh6 38. Qf7 Bf5 39. d6 $18 {KomodoDragon3}) 35... Qe1+ 36. Rf1 Qc3 37. Qf8
Bd4+ 38. Kh1 Bxh3 (38... Be5 39. d6 Qd3 40. Qe8+ Kh6 41. Rc1 Qg3 42. Qf8+ Kh5
43. Qf3+ $18 {KomodoDragon3}) 39. Qf7+ Kg5 40. Qe7+ (40. Qf4+ $1 Kg6 (40... Kh5
41. Qh2) 41. Rc1 $18 {KomodoDragon3}) (40. d6 Bg4 41. d7 $18 {KomodoDragon3})
40... Bf6 $11 41. Qxf6+ Qxf6 42. Rxf6 Kxf6 $2 (42... Bxg2+ $1 43. Kxg2 Kxf6 {
holds the draw}) 43. gxh3 {with an outside passed pawn, this should be fairly
easy to finish off} Ke5 44. h4 Kxd5 45. h5 (45. Kg2 {keeps contact with the h
pawn}) 45... Ke6 46. Kg2 Kf5 47. Kf3 a5 48. Ke3 Kg5 49. Kd4 Kxh5 50. Kc5 b4 51.
Kb5 Kg6 52. Kxa5 Kf7 53. Kxb4 Ke7 54. Ka5 Kd7 55. Ka6 Kc7 56. Ka7 Kc6 57. b4
Kb5 58. a3 Ka4 59. Kb6 Kxa3 60. b5 {[%emt 0:00:13] is mate in} Ka4 61. Ka6 Kb4
62. b6 Kc5 63. b7 Kd6 64. b8=R {Wh decided to have some practice at winning
with a R & K  ( with best play mate in 14)} (64. b8=Q+ {[%emt 0:00:10] is mate
in}) 64... Kc7 65. Rb1 (65. Rb6) 65... Kd6 66. Rc1 (66. Rb5) 66... Kd5 67. Kb5
(67. Kb6) 67... Kd4 68. Kb4 Kd5 69. Rc2 Kd4 70. Rd2+ Ke3 71. Rd8 Ke4 72. Kc5
Ke5 73. Re8+ Kf6 74. Kd5 Kf7 75. Re1 Kf6 76. Re2 Kf7 77. Kd6 Kf8 78. Kd7 Kg7
79. Rf2 Kg6 80. Ke7 Kg5 81. Ke6 Kg4 82. Rf8 Kg5 83. Ke5 Kg6 84. Rf1 Kg7 85. Ke6
Kg8 86. Ke7 Kg7 87. Rg1+ Kh6 88. Kf6 Kh5 89. Rg8 Kh4 90. Kf5 Kh3 91. Kf4 Kh2
92. Kf3 Kh1 93. Kf2 Kh2 94. Rh8# 1-0

[Event "S Wales Late Summer Open"]
[Site "?"]
[Date "2022.09.04"]
[Round "4.14"]
[White "Mcghee, David"]
[Black "Jones, Mark A"]
[Result "0-1"]
[WhiteElo "1529"]
[BlackElo "1926"]
[Annotator "kemen"]
[PlyCount "80"]
[EventDate "2022.??.??"]
[SourceVersionDate "2022.09.07"]

{[%evp 0,11,27,18,48,74,67,55,56,43,59,46,43,15]} 1. e4 Nf6 2. e5 Nd5 3. d4 d6
4. Nf3 dxe5 5. Nxe5 c6 6. c3 (6. Be2) (6. Bc4 {main lines}) 6... Bf5 (6... Nd7
{main}) 7. Nd2 Nd7 8. Ndf3 (8. Qf3 Be6 {3-1-1}) 8... Qc7 (8... e6 9. Nxd7 Qxd7
10. Ne5 Qc7 11. Bd3 Bxd3 12. Qxd3 Bd6 13. Nc4 Bf4 14. Bxf4 Nxf4 15. Qg3 O-O-O {
Osip[ova-Foglia, Chigorin memorial, St Petersburg 2006,0-1}) 9. Nxd7 (9. Nh4 e6
10. Nxd7 Qxd7 11. Nxf5 exf5 12. Qf3 $14 {KomodoDragon3}) 9... Bxd7 10. Qc2 (10.
g3 $16) 10... g6 11. Bd3 Nf4 12. Bxf4 Qxf4 13. Qd2 (13. Ne5 Be6 14. O-O Bg7 15.
g3 Qh6 16. Rfe1 $16 {KomodoDragon3}) 13... Qc7 (13... Bh6) 14. O-O Bg7 15. Rfe1
Rd8 16. Qg5 e6 17. a4 (17. h4) 17... O-O 18. a5 Bc8 19. Bf1 a6 20. Qc5 Kh8 21.
b4 $16 f6 22. Re4 (22. Rad1) 22... e5 23. dxe5 fxe5 24. Bc4 $11 Bf5 25. Ree1 (
25. Re3 e4 26. Ng5 Bf6 27. h4 $11 {KomodoDragon3}) 25... e4 26. Ng5 (26. Nd4)
26... Bxc3 $19 27. Red1 Bxa1 28. Rxa1 Qg7 29. Re1 Rde8 30. Rd1 h6 31. Nh3 Bxh3
32. gxh3 Qf6 (32... e3 33. fxe3 {KomodoDragon3- opens up the K} Rd8) 33. Rd6
Qf5 34. Qd4+ Qe5 35. Qd2 e3 36. fxe3 Qxe3+ 37. Qxe3 Rxe3 38. Bd3 Rxh3 (38...
Re1+ 39. Kg2 Re5 40. h4 Rd5 {KomodoDragon3}) 39. Kg2 Rh4 40. Rxg6 Rg8 0-1

[Event "S Wales Late Summer Open"]
[Site "?"]
[Date "2022.09.04"]
[Round "4.16"]
[White "Chung, Ethan"]
[Black "Kong, Emma"]
[Result "1/2-1/2"]
[WhiteElo "1570"]
[BlackElo "1270"]
[Annotator "kemen"]
[PlyCount "91"]
[EventDate "2022.??.??"]
[SourceVersionDate "2022.09.07"]

{[%evp 0,17,21,22,56,50,90,70,70,34,34,37,43,28,30,42,45,20,50,10]} 1. e4 c5 2.
Nf3 d6 3. d4 cxd4 4. Nxd4 Nf6 5. Nc3 a6 6. Be3 e5 7. Nb3 Be7 8. Bc4 (8. f3 {
main}) 8... Nbd7 9. Qd3 $146 (9. O-O) (9. f3) 9... b6 10. Bd5 Rb8 11. O-O O-O
12. f4 (12. Rfd1 $16) 12... exf4 13. Bxf4 Nc5 (13... Ne5 $11) 14. Nxc5 bxc5 15.
Rad1 (15. b3 $16) 15... Qb6 (15... Rxb2 16. Bb3 Be6 17. Bc1 c4 18. Qd4 Rxb3 19.
axb3 cxb3 20. cxb3 Bxb3 21. Rd3 $11 {KomodoDragon3}) 16. Kh1 $16 a5 17. e5 (17.
Bc4) 17... Ba6 18. Bc4 Bxc4 19. Qxc4 dxe5 20. Bxe5 Rbd8 21. Bxf6 Bxf6 22. Nd5
Qxb2 23. Nxf6+ gxf6 24. Rxd8 Rxd8 25. Qxc5 $11 (25. Qg4+ Kf8 26. Qf5 Qe5 27.
Qxh7 Ke7 $11 {KomodoDragon3}) 25... Qxa2 26. Qe7 Rf8 27. Qxf6 Qxc2 28. Qg5+ Qg6
29. Qxa5 $11 Rb8 30. h4 Qg4 31. Qe1 Rd8 32. Rf3 Kf8 33. Qf2 Rd1+ 34. Kh2 Rd7
35. Qc5+ Re7 36. Qf2 Qe4 37. Qg3 Qe5 38. Qxe5 Rxe5 $11 39. g4 Kg7 40. Kg3 Re4
41. h5 h6 42. Rf5 Re1 43. Rf2 Rg1+ 44. Kf4 Ra1 45. Re2 Rf1+ 46. Kg3 1/2-1/2

[Event "S Wales Late Summer Open"]
[Site "?"]
[Date "2022.09.04"]
[Round "4.17"]
[White "Browse, Joseph"]
[Black "Wang, Andy"]
[Result "1-0"]
[WhiteElo "1629"]
[BlackElo "1424"]
[Annotator "kemen"]
[PlyCount "43"]
[EventDate "2022.??.??"]
[SourceVersionDate "2022.09.07"]

{[%evp 0,14,48,21,21,24,21,-16,41,40,72,140,138,40,31,10,37]} 1. d4 d5 2. Nf3
Nc6 3. c4 Nf6 (3... Bg4 {main, Chigorin Defence}) 4. cxd5 Nxd5 5. e4 Nf6 6. e5
(6. Nc3) (6. d5 {main lines}) 6... Nd5 7. Bc4 {has been reached in elite GM
games, including several between Firouzja and Carlsen} Nb6 {main} (7... Bg4 {
Carlsen}) 8. Bb3 Bg4 9. Bxf7+ (9. Ng5 Bxd1 10. Bxf7+ Kd7 11. Be6+ {has
yielded373 drawn games- a way to avoid a ban on early agreed draws}) 9... Kxf7
10. Ng5+ Ke8 11. Qxg4 Qxd4 12. Bf4 $146 (12. Qe2 Qxe5 {main, 31 games, 50% ,
not all draws}) (12. Qxd4 Nxd4 13. Na3 {2-5-1}) (12. Ne4 $11 {2-1-3, Cloud
Engines}) 12... Qxb2 $19 (12... Nxe5 $1 $19 {KomodoDragon3} 13. Qh5+ g6 14.
Bxe5 Qxe5+ 15. Qe2 Qxg5 $19) 13. Qf5 Nd8 14. e6 Qxa1 (14... g6 15. Qc5 Qxa1 $19
{KomodoDragon3}) 15. Bxc7 Qf6 (15... g6 $19) 16. Qb5+ Nc6 17. O-O Rc8 (17... g6
$1 $19) 18. Bxb6 axb6 19. Rd1 h6 (19... g6 $1 $19) 20. Nf7 Rg8 $2 (20... Qxe6
21. Nxh8 g5 $19 {still a piece up & the Wh N is trapped}) 21. Qd5 {mating} Nb8
22. Qd8+ 1-0

[Event "S Wales Late Summer Open"]
[Site "?"]
[Date "2022.09.04"]
[Round "4.18"]
[White "Wagner, Guy"]
[Black "Chung, Daniel"]
[Result "0-1"]
[WhiteElo "1786"]
[BlackElo "1693"]
[Annotator "kemen"]
[PlyCount "82"]
[EventDate "2022.??.??"]
[SourceVersionDate "2022.09.07"]

1. d4 Nf6 2. Bg5 e6 3. Nd2 (3. e4 h6 4. Bxf6 Qxf6 {main line}) 3... Be7 (3...
h6) (3... d5) 4. e3 O-O 5. Bd3 c5 (5... d5 {223 games}) 6. c3 {2-1-4} (6. Ngf3
{82 games}) {in this position} 6... Nc6 $146 (6... cxd4 7. exd4 {Cloud Engines,
18 games}) 7. Qc2 (7. Bxf6 Bxf6 8. Qh5 g6 9. Qxc5 $16 {by transposition -
Broekmeulen-Prijssers, Stork Young Masters, Hengelo 2007,1-0}) 7... h6 $11 8.
Bh4 cxd4 9. cxd4 (9. exd4 $11) 9... Nb4 10. Qb3 Nxd3+ 11. Qxd3 b6 $17 {one of
Wh's best attackers in QP games has gone} 12. Ngf3 a5 $19 13. Rc1 Bb7 (13...
Ba6 {keeps K in the middle}) 14. O-O Ba6 15. Qb3 Bxf1 16. Kxf1 d5 (16... Nd5)
17. a3 Nd7 18. Bg3 Rc8 19. Rd1 Rc6 20. Nb1 Bd6 21. Nc3 Bxg3 22. hxg3 Qa8 23.
Ke2 Rfc8 24. g4 f6 25. Ne1 Qa6+ 26. Kd2 (26. Nd3 {is a little better}) 26...
Rc4 (26... Qf1 $1 27. f3 Qf2+ 28. Kc1 Qxe3+ 29. Kc2 b5 $19 {KomodoDragon3}) 27.
f4 a4 (27... f5 28. g5 hxg5 29. fxg5 f4 $19 {KomodoDragon3}) 28. Qc2 e5 29. Nf3
exf4 30. exf4 b5 31. g5 hxg5 32. Qf5 Qd6 (32... Qc6) (32... b4 $1 33. axb4 Rxb4
34. Rb1 (34. Qxd7 Rxb2+ 35. Ke1 Kf8 36. Rd2 a3 $19 {KomodoDragon3})) 33. fxg5
fxg5 34. Nxg5 Nf6 35. Rh1 Rxd4+ 36. Kc2 Qd7 37. Qe5 Rg4 38. Kb1 Re8 39. Qh2
Qf5+ 40. Ka2 Rxg5 41. Nxb5 Rh5 0-1

[Event "S Wales Late Summer Open"]
[Site "?"]
[Date "2022.09.04"]
[Round "5.1"]
[White "Young, Alan J"]
[Black "Camacho Collados, Jose"]
[Result "0-1"]
[WhiteElo "2088"]
[BlackElo "2407"]
[Annotator "kemen"]
[PlyCount "78"]
[EventDate "2022.??.??"]
[SourceVersionDate "2022.09.07"]

{[%evp 0,4,30,10,71,-1,2]} 1. e4 c5 2. c3 d5 3. exd5 Qxd5 4. d4 Nc6 5. Nf3 Bf5
(5... Bg4) (5... Nf6 {main lines}) 6. Na3 (6. Be3 {main}) 6... cxd4 7. Nb5
O-O-O 8. cxd4 e5 9. Nc3 Qa5 (9... Bb4 {alternative}) 10. d5 Nb4 {2 draws, 6 Bl
wins} 11. Be2 Nc2+ 12. Kf1 Nxa1 13. Nxe5 Bb4 (13... Nf6 $19 {Cloud Engines,
though 2 drawn results}) 14. Nc4 $11 Qc7 (14... Qa6 15. Ne3 Qa5 16. Nc4) (14...
Bc2 15. Qd4 Bxc3 16. bxc3 Qxa2 17. Nd6+ Kb8 $1 (17... Rxd6 18. Qc5+ $18) 18.
Nb5 Ka8 19. Nc7+ Kb8 20. Qe5 (20. Nb5 Ka8) 20... Qa5 21. Ne6+ Ka8 22. Nc7+ $11
{KomodoDragon3}) 15. Nb5 Qc5 16. Be3 Qxd5 (16... Qxb5 17. Nd6+ Rxd6 (17... Bxd6
18. Bxb5 Nc2 19. Bxa7 $18) 18. Bxb5 Nc2 19. Bf4 $18 {KomodoDRagon3}) 17. Nxa7+
Kb8 18. Bf4+ Kxa7 19. Qa4+ Ba5 20. Nxa5 $18 Rd6 21. Bxd6 {the R looks like a
good defender of the K, but it appears to be be left as a target itself.} (21.
Nc6+ $1 Kb6 22. Qb4+ Kc7 (22... Kxc6 23. Bf3 $18) 23. Nd4 Kd7 24. Bxd6 Qxd6 25.
Qxb7+ Ke8 (25... Kd8 26. Nc6+ Ke8 27. Qa8+ Kd7 28. Qd8+ Kxc6 29. Bf3+ Kc5 30.
b4+) 26. Nxf5 Qd8 27. Bb5+ Kf8 28. Ke2 $18 {KomodoDragon3}) (21. Nc4+ Ra6 22.
Be3+ Kb8 23. Qe8+ Bc8 24. Bf4+ Ka7 25. Qxc8 $18 {KomodoDragon3}) (21. Nxb7+
Kxb7 (21... Kb6 22. Qa6+ Kc7 23. Bxd6+ {mating}) 22. Bf3 $18 {KomodoDragon3})
21... Qxd6 22. Nc6+ Kb6 23. Qa5+ Kxc6 24. Bb5+ $2 {it appears that this is the
wrong square!} (24. Bf3+ $1 {KomodoDragon3} Kd7 25. Qxf5+ Qe6 (25... Kc7 26.
Qxf7+ Ne7 27. g3 Rc8 28. Bg4 Nc2 29. Qc4+ Qc6 30. Qxc6+ Kxc6 31. Bxc8 Nxc8 32.
Ke2 $18 {not at all an easy to find variation}) (25... Ke7 26. g3 g6 27. Qe4+
Kf8 28. Kg2 Kg7 29. Rxa1 Nf6 30. Qxb7 $18 {is much easier to visulize}) 26.
Qb5+ Kd8 27. g3 Qa6 (27... Qh3+ 28. Ke2 Qe6+ 29. Kd2 Qh6+ 30. Kd1 $18) 28. Qxa6
bxa6 29. Kg2 Nc2 30. Rc1 Nb4 31. a3 {and the N has not escaped after
all-KomodoDragon3}) 24... Kd5 $19 25. Bd7+ (25. g4 {might be worth a try} Bxg4
26. Be2+ Qc5 27. Qd8+ Ke4 28. Qd3+ Ke5 29. Bxg4 Nh6 30. b4 Qd4 31. Qg3+ Kd5 32.
Bf3+ Ke6 33. Kg2 Nf5 34. Re1+ Kf6 {KomodoDragon3-and the K reaches safety})
25... Qc5 {other moves lose} 26. Qd2+ (26. Qxc5+ Kxc5 27. Bxf5 Ne7 28. Bb1 {
KomodoDragon3and the B gets in the way of pickig up that N}) 26... Ke5 27. Bxf5
Kxf5 28. g4+ Ke6 (28... Kg6 {also} 29. Qd3+ f5 30. Qxf5+ Qxf5 31. gxf5+ Kf7 $19
{KomodoDragon3}) 29. Qe2+ Qe5 30. Qc4+ Qd5 31. Qc8+ Ke7 (31... Kf6 32. Rg1 Ne7
$19 33. Qxh8 Ng6 34. Qe8 Nf4 $19 {KomodoDragon3}) 32. Qc7+ Kf6 33. Qc3+ Kg6 34.
Rg1 Nf6 35. h4 Ne4 $19 (35... Re8 $19) 36. Qe3 Nd2+ 37. Ke2 Qc4+ 38. Qd3+ (38.
Kxd2 Rd8+) 38... Qxd3+ 39. Kxd3 Rd8+ 0-1

[Event "S Wales Late Summer Open"]
[Site "?"]
[Date "2022.09.04"]
[Round "5.2"]
[White "Kozusek, Daniel"]
[Black "Goater, Kevin"]
[Result "1-0"]
[WhiteElo "2328"]
[BlackElo "2045"]
[Annotator "kemen"]
[PlyCount "63"]
[EventDate "2022.??.??"]
[SourceVersionDate "2022.09.07"]

{[%evp 0,15,31,19,12,4,35,34,50,44,38,41,66,65,56,36,46,46]} 1. d4 d5 2. c4 c6
3. Nc3 e6 4. e3 Bd6 5. Bd3 f5 6. Nge2 Nf6 7. Qc2 (7. f3 {main}) 7... Na6 8. a3
Nc7 9. f3 (9. c5 $16 {Cloud Engines- 2-0}) 9... O-O (9... dxc4 10. Bxc4 e5 $14
{Cloud Engines}) 10. O-O (10. c5 {Cloud Engines; 3 Wh wins, 2 draws}) 10... Qe8
$146 (10... b6 $14 {Cloud Engines, 1 draw, 2 Bl wins}) 11. e4 fxe4 (11... dxe4
12. fxe4 Bxh2+ $1 13. Kxh2 Qh5+ 14. Kg1 Ng4 15. Rf3 Qh2+ 16. Kf1 Qh1+ 17. Ng1
Nh2+ 18. Kf2 Ng4+ $11 {KomodoDragon3}) 12. fxe4 dxe4 $2 (12... Bxh2+ 13. Kxh2
Ng4+ 14. Kg1 Rxf1+ 15. Kxf1 e5 16. exd5 Qf8+ 17. Ke1 Qf2+ 18. Kd1 (18. Kd2 Qe3+
19. Ke1 Qf2+ $11) 18... exd4 19. Ne4 Qxg2 20. N4g3 Nf2+ 21. Ke1 Bg4 22. Be4 Qh2
23. Bxh7+ Kh8 24. Bf4 Re8 25. Kd2 cxd5 26. Bxc7 Bxe2 27. Nxe2 Qxc7 28. Rf1 Qh2
29. cxd5 Rxe2+ 30. Kxe2 Ng4+ {KomodoDragon3- and it seems that Bl has a
perpetual}) 13. Nxe4 $18 {Bl's QR & QB are out of the game} Nxe4 14. Rxf8+ Qxf8
15. Bxe4 h6 16. c5 Be7 17. Bf4 Nd5 18. Rf1 Bf6 19. Bxd5 (19. Bxh6 $1 {
KomodoDragon3} gxh6 20. Bxd5 exd5 21. Qg6+ Qg7 22. Rxf6 Qxg6 23. Rxg6+ Kh7 24.
Nf4 Bd7 25. Rf6 $18) (19. Bd6 Qf7 20. Bg6 Qd7 21. Nf4 $18 {KomodoDragon3} Bxd4+
22. Kh1 Nf6 23. Qc4 Bxb2 24. Nd3 Bxa3 25. Ne5 Qd8 26. Bf7+ {mating}) 19... exd5
20. Be5 Bg4 21. Bxf6 (21. Ng3 Qf7 22. h3 Be6 23. Rf4 Rf8 24. Bxf6 gxf6 25. Rh4
$18 {KD3}) 21... Bxe2 22. Qxe2 gxf6 23. Qe6+ (23. Qh5 $1 Kh8 (23... Re8 24.
Qg6+) 24. Qg6 {KD3}) 23... Kg7 24. Qg4+ Kh7 25. Qf5+ Kg7 26. Rf3 (26. h4) 26...
Re8 (26... Qe7) 27. Rg3+ Kh8 28. Rg6 Re7 29. Rxf6 Re1+ 30. Kf2 Qe7 31. Rxh6+
Kg8 32. Rg6+ 1-0

[Event "S Wales Late Summer Open"]
[Site "?"]
[Date "2022.09.04"]
[Round "5.3"]
[White "Garcia, Jason"]
[Black "Menadue, Jeremy"]
[Result "1-0"]
[WhiteElo "1996"]
[BlackElo "1960"]
[Annotator "kemen"]
[PlyCount "95"]
[EventDate "2022.??.??"]
[SourceVersionDate "2022.09.07"]

{[%evp 0,23,19,27,32,-6,2,-23,-10,-6,-9,-12,-5,-28,1,-7,-11,-11,5,5,22,9,23,-6,
11,1]} 1. Nf3 d5 2. g3 Nf6 3. Bg2 Bf5 4. O-O e6 5. c4 (5. d3 {main}) 5... c6 6.
b3 h6 7. Bb2 Nbd7 8. d3 Be7 9. Nbd2 O-O 10. Qc2 a5 11. a3 Re8 (11... Bh7 12.
Bc3 {main,61% for Wh}) 12. e4 $146 (12. Bc3 {49% for Wh}) 12... dxe4 (12... Bg6
$15 {Cloud Engines} 13. e5 Nh7 $15) 13. dxe4 Bh7 14. Rfe1 Bf8 (14... Nc5 15.
Bf1 {transposes 1.5-0,5 eg Fatin-Mannion, London NWYM 1987,1-0}) (14... Bc5 $17
{KomodoDragon3}) 15. Bc3 Kh8 (15... b5 $15 {KD3}) 16. Qb2 (16. b4 $14) 16...
Qc7 (16... Nc5 $11 {Fritz11 SE & KD3}) 17. b4 (17. e5 Ng8 18. Ne4 Bxe4 19. Rxe4
Nc5 20. Re2 $16 (20. Rg4 $14 {KD3})) 17... axb4 18. axb4 Rxa1 19. Qxa1 b6 (
19... e5 $14) 20. e5 $18 Ng8 21. Ne4 Bxe4 22. Rxe4 b5 23. Nd2 (23. c5 $18 {KD3}
Ne7 24. Re2 Nd5 25. h4) 23... Ne7 {(draw?)} (23... Nb6 24. c5 Ra8 25. Qb2 Nd5
$11 {KD3}) 24. Rf4 (24. c5 $18) 24... Kg8 25. Ne4 Ng6 {Fritz11SE} (25... Nb6
26. Nd6 Ra8 27. Qd1 Nxc4 28. Rxf7 Qd7 29. Qh5 Nxd6 30. exd6 Qxd6 31. Be4 $16 {
KD3}) 26. Nd6 $18 Bxd6 27. exd6 Qxd6 28. c5 (28. Rd4 Qc7 29. c5 $18 {Fritz11SE
& KD3}) 28... Qc7 (28... Qf8 29. Rd4 Nb8 30. Rd2 Rc8 31. Rd6 Ne7 32. Be4 Nd5
33. h4 $16 {KD3}) 29. Rd4 $18 e5 30. Rd6 Re6 31. Qa8+ (31. Qa5 Qc8 32. Bh3 $18
{KD3}) 31... Nb8 32. Rd2 (32. Qa5 $18) (32. Rxe6 fxe6 33. Qa2 Kf7 34. Qe2 $18)
32... Kh7 33. Be4 Re7 34. Rd6 Re6 35. Rxe6 fxe6 36. Qa2 Nd7 (36... Qf7 37. h4
h5 38. Qe2) 37. Qxe6 Nf6 38. Bxe5 Qd8 39. Bxf6 Qxf6 40. Qxf6 gxf6 41. Bxc6 Ne7
42. Bxb5 Kg7 43. Bc4 Kf8 44. b5 Ke8 45. Kg2 Kd7 46. Kf3 Ng6 47. Ke4 Ne7 48. Bd5
1-0

[Event "S Wales Late Summer Open"]
[Site "?"]
[Date "2022.09.04"]
[Round "5.4"]
[White "Duke, Dillan"]
[Black "Hatchett, Paul"]
[Result "1/2-1/2"]
[WhiteElo "1896"]
[BlackElo "1978"]
[Annotator "kemen"]
[PlyCount "65"]
[EventDate "2022.??.??"]
[SourceVersionDate "2022.09.07"]

{[%evp 0,4,27,41,55,10,22]} 1. e4 Nf6 2. Nc3 e5 3. g3 d5 4. exd5 Nxd5 5. Bg2
Be6 (5... Nxc3 6. bxc3 Bd6 {main}) 6. Nge2 Nc6 7. d3 Be7 (7... Bc5 {main}) 8.
O-O O-O 9. Nxd5 $146 (9. f4) (9. h3) 9... Bxd5 10. Bxd5 Qxd5 $17 11. Nc3 Qd7
12. Be3 Rad8 (12... f5 $17 {Cloud Engines}) 13. Qh5 f5 $19 14. f4 g6 (14...
exf4 15. gxf4 (15. Rxf4 g6 16. Qd1 Bg5 17. Rf3 Bxe3+ 18. Rxe3 Qd4 $19 (18...
Nd4 $19)) 15... Nd4 16. Bxd4 Qxd4+ 17. Kh1 Ba3 $19 {KomodoDragon3}) 15. Qf3 Nd4
16. Bxd4 (16. Qxb7 $11 {KD3}) 16... Qxd4+ 17. Kg2 exf4 $17 {(draw?)} 18. Qxf4
Qxf4 19. Rxf4 Bf6 20. Re1 Bxc3 21. bxc3 Rfe8 $11 22. Kf2 Rxe1 23. Kxe1 Kg7 24.
Ra4 a6 25. Rb4 b6 26. Ra4 (26. a4) 26... a5 27. Rc4 Rd7 28. Rc6 Re7+ 29. Kf2
Kf7 30. a4 Ke8 31. Rc4 c5 32. Rf4 Kd7 33. c4 {(draw?)} 1/2-1/2

[Event "S Wales Late Summer Open"]
[Site "?"]
[Date "2022.09.04"]
[Round "5.5"]
[White "Bullen, Alex"]
[Black "Robinson, David"]
[Result "1-0"]
[WhiteElo "2115"]
[BlackElo "1839"]
[Annotator "kemen"]
[PlyCount "73"]
[EventDate "2022.??.??"]
[SourceVersionDate "2022.09.07"]

1. d4 d5 2. Nf3 Nf6 3. c4 e6 4. g3 c5 5. cxd5 exd5 6. Bg2 Nc6 7. O-O Be7 8. Nc3
O-O 9. dxc5 (9. Bg5 {main}) 9... Bxc5 10. a3 (10. Bg5) (10. Na4) 10... d4 (
10... Ne4) (10... Re8) 11. Na4 Be7 12. b4 Ng4 $146 (12... b5 {7-1-1}) (12...
Bg4 {2-4-2}) 13. Bb2 $18 {KomodoDragon3} Bf6 14. b5 (14. Nc5 Re8 15. Rc1 d3 16.
Nxd3 $18 {KD3}) 14... Nce5 15. Rc1 (15. Nd2 $18 {KD3}) 15... Nxf3+ 16. Bxf3 Ne5
17. Bg2 Ng6 (17... d3 18. Bxe5 Bxe5 19. Qxd3 Qxd3 20. exd3 Rb8 21. Rfe1 Bf6 22.
b6 axb6 23. Nxb6 Be6 24. a4 $16 {KD3}) 18. Nc5 $18 {Bl has the usual QP
opening problems with the QB} Rb8 19. Qa4 (19. Ne4) (19. a4) 19... Qb6 20. Qb4
Bf5 21. Rfd1 Rfd8 22. a4 (22. Bxd4 $18 {KD3}) 22... a6 (22... a5 $5) 23. a5 Qd6
(23... Qxb5 24. Qxb5 axb5 25. Bxb7 $18 {KD3}) 24. Qd2 Qe7 25. b6 Bg5 26. f4 Bf6
27. Ba3 d3 28. exd3 (28. e3 $5 {KD3}) 28... Bd4+ 29. Kh1 Rdc8 30. Re1 Qd6 31.
Nb3 (31. Qb4 $5) 31... Qxa3 32. Nxd4 Rxc1 33. Rxc1 Bxd3 34. Qc3 Qxc3 35. Rxc3
Re8 36. Bxb7 Bf1 37. Rc8 1-0